[Event "OMA-ch 10th"]
[Site "Muscat"]
[Date "2023.02.16"]
[Round "1"]
[White "Al Balushi, Haza Salim"]
[Black "Salim Issa, Ali Shamas"]
[Result "0-1"]
[WhiteElo "1127"]
[BlackElo "1796"]
[PlyCount "88"]
[EventDate "2023.02.16"]
[EventType "swiss"]
[EventRounds "9"]
[EventCountry "OMN"]
[SourceTitle "EXT 2024"]
[Source "ChessBase"]
[SourceDate "2023.10.10"]
[SourceVersion "1"]
[SourceVersionDate "2023.10.10"]
[SourceQuality "1"]

1. d3 d5 2. c3 Nf6 3. Qc2 e5 4. e4 c6 5. Nf3 Nbd7 6. Bg5 Bd6 7. Nbd2 0-0 8. Be2 h6 9. Bh4 Re8 10. 0-0 a6 11. a4 b6 12. a5 b5 13. b3 Nf8 14. c4 bxc4 15. bxc4 d4 16. Rfb1 Ng6 17. h3 Bc7 18. Qa4 Re6 19. c5 Nxh4 20. Nxh4 Nxe4 21. Nxe4 Qxh4 22. Bg4 Rg6 23. Bxc8 Rxc8 24. Rb7 Qxh3 25. Ng3 Qe6 26. Re1 f5 27. Qc4 Qxc4 28. dxc4 Rf6 29. Ne2 d3 30. Nc3 Bxa5 31. Rb3 e4 32. Rd1 Bxc3 33. Rxc3 Rb8 34. Rd2 Rb4 35. g3 a5 36. Kg2 a4 37. f3 Re6 38. fxe4 fxe4 39. g4 Re5 40. Kg3 g5 41. Rd1 Kg7 42. Re1 Rb3 43. Rxb3 axb3 44. Rb1 e3 0-1